MDQL
is popping MORE tags! Check the
thread
!
Quizzes
Events
Quiz Creation
Community
Videos
Private Events
Remove Ads
Sign In
Join for FREE
Feedback
Dark Mode
Quiz Categories
Sports
Geography
Music
Movies
Television
Just For Fun
Miscellaneous
History
Literature
Language
Science
Gaming
Entertainment
Religion
Holiday
For Kids
Quiz Lab
Recent
Popular Today
Quiz Kudos Today
Editor Picks
Curator Picks
Quizzes by...
Day
Popularity
Type
Ratings
Length
Year
Community
Subscriptions
Recent Discussions
Orange Saloon
Badges
Playlists
Quests
Create
Leaderboards
Showdown
Live 5
Trivia Bingo
Activity
Puzzle Library
Sporcle Events
Private Events
Virtual Trivia
Globe League
Become a Host
Pub Owners
SporcleCon
Opinionation
Our Games
Videos
Blog
Mobile Apps
Partnerships
Remove Ads and Go Orange
Feedback
Sports
Athletes
MLB
NBA
NHL
NFL
Soccer
Sports Teams
WWE
NCAA
Football
Premier League
Basketball
Baseball
Hockey
Golf
Tennis
Cricket
Rugby
Auto Racing
Olympics
World Cup
Sports
Athletes
MLB
NBA
NHL
NFL
Soccer
Sports Teams
WWE
NCAA
Football
Premier League
Basketball
Baseball
Hockey
Golf
Tennis
Cricket
Rugby
Auto Racing
Olympics
World Cup
Random Quiz
Search Sporcle
×
Quiz Lab
Quiz Lab
Sports
Super Bowl
Type in answers that appear in a list
Type in answers that appear in a list
Classic
Best Score? Go Orange.
Super Bowl Passers (by team) Stats
Can you name the players who have thrown at least one pass in a Super Bowl?
By
Hejman
10m
97 Questions
4,853 Plays
4,853 Plays
4,853 Plays
Comments
Comments
Give Quiz Kudos
Give Quiz Kudos
-
- Ratings
hide this ad
More Info
Replay
Link that replays current quiz
Next Quiz
Link to next quiz in quiz playlist
You Got
0%
They Got
Avg Score
53%
Avg Friend Score
Upgrade to see
Score Distribution
Jump to the score distribution portion of the page
Score
0/97
Timer
10:00
0
Plays Today
Team
Passer
% Correct
Broncos
Peyton Manning (47-72)
97.4%
Giants
Eli Manning (49-74)
97.3%
Colts
Peyton Manning (56-83)
96.8%
Buccaneers
Tom Brady (21-29)
96.4%
Patriots
Tom Brady (256-391)
96%
Broncos
John Elway (76-152)
94.6%
49ers
Brock Purdy (23-38)
91.8%
49ers
Joe Montana (83-122)
91.4%
49ers
Steve Young (26-39)
90.3%
Saints
Drew Brees (32-39)
90.2%
Cowboys
Troy Aikman (56-80)
90.1%
Seahawks
Russell Wilson (30-56)
89.9%
Eagles
Nick Foles (28-43)
89.5%
Packers
Aaron Rodgers (24-39)
89.3%
Rams
Kurt Warner (52-90)
89.3%
Cardinals
Kurt Warner (31-43)
89.3%
Steelers
Ben Roethlisberger (55-91)
88.7%
Ravens
Joe Flacco (22-33)
88.5%
Chiefs
Patrick Mahomes (107-164)
88.4%
Packers
Brett Favre (39-69)
88.3%
Dolphins
Dan Marino (29-50)
88.2%
Falcons
Matt Ryan (17-23)
87.4%
Bengals
Joe Burrow (22-33)
87.2%
Panthers
Cam Newton (18-41)
87.1%
Steelers
Terry Bradshaw (49-84)
86.6%
Eagles
Jalen Hurts (27-38)
86.2%
Jets
Joe Namath (17-28)
86.1%
Cowboys
Roger Staubach (61-98)
85.5%
Bills
Jim Kelly (81-145)
85.2%
Rams
Matthew Stafford (26-40)
85.1%
Packers
Bart Starr (29-47)
84.7%
Eagles
Donovan McNabb (30-51)
82.9%
Colts
Johnny Unitas (14-33)
80.9%
Team
Passer
% Correct
Rams
Jared Goff (19-38)
80.7%
Giants
Phil Simms (22-25)
79.4%
Vikings
Fran Tarkenton (46-89)
78%
49ers
Colin Kaepernick (16-28)
77.8%
Patriots
Drew Bledsoe (25-48)
77.6%
Titans
Steve McNair (22-36)
76.2%
Redskins
Doug Williams (18-29)
74.3%
Bears
Jim McMahon (12-20)
74%
Seahawks
Matt Hasselbeck (26-49)
73.1%
Dolphins
Bob Griese (26-41)
72.8%
Buccaneers
Brad Johnson (18-34)
72.6%
Redskins
Joe Theismann (31-58)
72.3%
Ravens
Trent Dilfer (12-25)
72.3%
Raiders
Rich Gannon (24-44)
71.8%
Chiefs
Len Dawson (28-44)
70.6%
Panthers
Jake Delhomme (16-32)
70%
49ers
Jimmy Garoppolo (20-31)
69.4%
Bears
Rex Grossman (20-28)
69.2%
Bengals
Boomer Esiason (11-25)
69.2%
Raiders
Ken Stabler (12-19)
67.2%
Raiders
Jim Plunkett (29-46)
65.8%
Redskins
Mark Rypien (18-33)
64.4%
49ers
Jauan Jennings (1-1)
63.6%
Bengals
Ken Anderson (25-34)
61.5%
Patriots
Julian Edelman (0-1)
59%
Giants
Kerry Collins (15-39)
58.9%
Giants
Jeff Hostetler (20-32)
57.4%
Eagles
Ron Jaworski (18-38)
57.2%
Steelers
Neil O'Donnell (28-49)
52.4%
Rams
Cooper Kupp (0-1)
50.6%
Falcons
Chris Chandler (19-35)
50%
Bengals
Joe Mixon (1-1)
49.5%
Cowboys
Danny White (1-2)
49.3%
Team
Passer
% Correct
Patriots
Tony Eason (0-6)
48.6%
Bills
Frank Reich (19-32)
45.2%
Chargers
Stan Humphries (24-49)
44.6%
Cowboys
Craig Morton (12-26)
44.3%
Broncos
Craig Morton (4-15)
44.3%
Patriots
Steve Grogan (17-30)
42.3%
Colts
Earl Morrall (13-32)
42.1%
Raiders
Daryle Lamonica (15-34)
40.3%
Steelers
Antwaan Randle El (1-1)
40%
Eagles
Trey Burton (1-1)
33.5%
Rams
Vince Ferragamo (15-25)
33.4%
Dolphins
David Woodley (4-14)
30.8%
Seahawks
Tarvaris Jackson (0-1)
28.7%
Vikings
Joe Kapp (16-25)
28.7%
Redskins
Billy Kilmer (14-28)
28.4%
Patriots
Danny Amendola (0-1)
25.8%
Broncos
Gary Kubiak (5-7)
21.5%
Redskins
Jay Schroeder (0-1)
19.5%
49ers
Elvis Grbac (0-1)
18.9%
Dolphins
Don Strock (0-3)
17.5%
Ravens
Tony Banks (0-1)
16.6%
Bears
Steve Fuller (0-4)
11%
Cowboys
Robert Newhouse (1-1)
9.7%
Vikings
Bob Lee (7-9)
9.1%
Rams
Lawrence McCutcheon (1-1)
7.3%
Broncos
Norris Weese (4-10)
6.8%
Vikings
Gary Cuozzo (1-3)
4.7%
Broncos
Steve Sewell (1-1)
4.5%
Chargers
Gale Gilbert (3-6)
4.2%
Colts
Sam Havrilak (1-1)
2.5%
49ers
Bill Musgrave (1-1)
1.7%
Quiz Playlist
Details
Report
Send in Message
Add To Playlist
More Info:
Parenthetical numbers are career Super Bowl pass attempts and completions.
Classic:
Type in answers that appear in a list
Quiz Source
Last Updated: Feb 12, 2024
Quiz Scoreboard
CHALLENGE
Sign Up to Join the Scoreboard
Show All
Scores
Hide
Comments
May contain spoilers
Recently Published
Two Season TV Shows II
by 123Four
Television
10m
Image Sorting: Flags VI
by Barbecue
Geography
2m
Find the 'City' Movie
by crazypaving
Movies
60s
More to Explore
Quiz From the Vault
Featured Blog Post
14 Easter Pick-up Lines to Find Eggs With
hide this ad
You Might Also Like...
Tags
Bowl
Passers
Super Bowl
team
Today's Top Quizzes in Sports
Browse Sports
hide this ad
Today's Top Quizzes in Super Bowl
Browse Super Bowl
Top Contributed Quizzes in Sports
1
Les meilleurs buteurs des matchs entre le PSG et l’OM
2
Les entraîneurs de l'OM et du PSG au 21e siècle
3
2022 World Cup Stars
4
Les joueurs passés par le PSG et l'OM
5
Players with Multiple 50 Home Run Seasons
6
FIFA Club World Cup Champions
7
Criteria MLB: Left Handed Sluggers
8
Les joueurs passés par le LOSC et le RC Lens
9
Top 10 NHL Goal Scorers of All Time
10
MLB Players with Two .350 Batting Average Seasons
Explore More
Trending Topics
Harry Potter
Anime
NBA
Disney
Marvel
Crossword
Kpop
The Office
NFL
Soccer
WWE
Song
Puzzle
Country
Pokémon
hide this ad
More By:
Hejman
Quiz
Plays
Rating
Category
Featured
Created
College Sports Logos
565,675
4.30
Sports
Jan 2, 2010
Bible or Quran?
556,659
4.35
Religion
Sep 13, 2011
Un-evolved Logos
492,346
4.29
Miscellaneous
Oct 25, 2010
Harry Potter Family Tree
491,456
3.83
Literature
May 16, 2011
History by Bobblehead
446,080
4.00
History
Apr 23, 2010
Go to Creator's Profile
Score Distribution
Quiz Creator Spotlight
Hejman
Follow
Send a Message
Quizzes Created
-
Created Quiz Play Count
-
More By This Creator
Popular Quizzes Today
1
Find the US States - No Outlines Minefield
2
Colored Red Africa Blitz
3
Find the 'City' Movie
4
5x2 Blitz: Bands
5
The Countries of the World
6
Find the Countries of Europe - No Outlines Minefield
7
Find the US States
8
US States
More Sports Quizzes
Top 25 HRs per Season (2010s)
Published
Trending Quizzes
Colored Red Europe Blitz I
Colored Red Africa Blitz II
Colored Red Europe Blitz II
Colored Red Africa Blitz III
Colored Red Europe Blitz III
Recently Updated
How Do You Spell That?
pecheneg
Godzilla Movies
pecheneg
Grab Bag: 4-10 Letters
pecheneg
2024 March Madness Bracket
pecheneg
Famous TV Couples
Peacemaker
Champions League XIs: Real Madrid
pecheneg
Largest US Cities 1790-2010
pecheneg
Rides in Walt Disney World
pecheneg
Most Oscar Losses (Acting)
pecheneg
Beyoncé Albums
pecheneg
Trending Topics
Marvel
Anime
Harry Potter
Crossword
Disney
NBA
Kpop
Pokémon
Country
Puzzle
WWE
The Office
Soccer
Song
NFL
Your Account Isn't Verified!
In order to create a playlist on Sporcle, you need to verify the email address you used during registration. Go to your
Sporcle Settings
to finish the process.
Report this User
Report this user for behavior that violates our
Community Guidelines
.
Details:
Send Report
Go to the Sporcle.com Mobile Site →
Comments